Excel 2000 dành cho người bận rộn

Bewaard in:
Bibliografische gegevens
Hoofdauteur: Trịnh Anh Toàn
Formaat: Boek
Gepubliceerd in: Nxb Trẻ 2000
Tags: Voeg label toe
Geen labels, Wees de eerste die dit record labelt!
Thư viện lưu trữ: Mạng thư viện Đại học Đà Nẵng
LEADER 00554nam a2200229 a 4500
001 000028865
003 655
005 20171030145630.0
008 171030s2000
020 |c 40000 
040 |a LTT 
082 0 |a 005,15  |b TR-T 
100 1 |a Trịnh Anh Toàn 
245 0 0 |a Excel 2000 dành cho người bận rộn  |c Trịnh Anh Toàn. 
260 |b Nxb Trẻ  |c 2000 
OWN |a LTT 
999 |a From the UDN01 
TYP |a Monograph 
TYP |a Printed language 
980 |a Mạng thư viện Đại học Đà Nẵng